<?xml version="1.0" encoding="UTF-8"?>
<collection xmlns="http://www.loc.gov/MARC21/slim">
<record>
  <controlfield tag="000">02503crm\a22001695i\4500</controlfield>
  <controlfield tag="001">356959</controlfield>
  <controlfield tag="005">20260121174310.0</controlfield>
  <controlfield tag="008">190610\1710\\\\enk\\\\\\\\\\\\\\\\nzxx\\</controlfield>
  <datafield tag="040" ind1=" " ind2=" ">
    <subfield code="d">UtOrBLW</subfield>
  </datafield>
  <datafield tag="245" ind1="0" ind2="0">
    <subfield code="a">[Triple-sided rotating fob seal matrix bearing the arms of Sir John Stonehouse, Lady Penelope Stonehouse and related crest]</subfield>
    <subfield code="h">[realia]</subfield>
  </datafield>
  <datafield tag="260" ind1=" " ind2=" ">
    <subfield code="c">approximately 1710.</subfield>
  </datafield>
  <datafield tag="300" ind1=" " ind2=" ">
    <subfield code="a">1 object ;</subfield>
    <subfield code="c">length 3 cm diameter of matrix 2 cm +</subfield>
    <subfield code="e">another fob seal and three keys, all on a fob chain.</subfield>
  </datafield>
  <datafield tag="336" ind1=" " ind2=" ">
    <subfield code="a">three-dimensional form</subfield>
    <subfield code="b">tdf</subfield>
    <subfield code="2">rdacontent</subfield>
  </datafield>
  <datafield tag="337" ind1=" " ind2=" ">
    <subfield code="a">unmediated</subfield>
    <subfield code="b">n</subfield>
    <subfield code="2">rdamedia</subfield>
  </datafield>
  <datafield tag="500" ind1=" " ind2=" ">
    <subfield code="a">This is a PRELIMINARY RECORD. It may contain incorrect information. Please email catalog@folger.edu for assistance.</subfield>
  </datafield>
  <datafield tag="583" ind1="0" ind2=" ">
    <subfield code="a">dispersed</subfield>
    <subfield code="c">2025-05-05</subfield>
    <subfield code="k">DJL</subfield>
    <subfield code="2">local</subfield>
    <subfield code="5">DFo</subfield>
  </datafield>
  <datafield tag="655" ind1=" " ind2="7">
    <subfield code="a">Seals (artifacts)</subfield>
    <subfield code="2">aat</subfield>
  </datafield>
  <datafield tag="655" ind1=" " ind2="7">
    <subfield code="a">Fob chains.</subfield>
    <subfield code="2">aat</subfield>
  </datafield>
  <datafield tag="700" ind1="1" ind2=" ">
    <subfield code="a">Stonehouse, John,</subfield>
    <subfield code="c">Sir,</subfield>
    <subfield code="d">1673-1733,</subfield>
    <subfield code="e">associated name.</subfield>
  </datafield>
  <datafield tag="700" ind1="1" ind2=" ">
    <subfield code="a">Stonehouse, Penelope,</subfield>
    <subfield code="c">Lady,</subfield>
    <subfield code="d">1686-</subfield>
    <subfield code="e">associated name.</subfield>
  </datafield>
  <datafield tag="752" ind1=" " ind2=" ">
    <subfield code="a">Great Britain</subfield>
    <subfield code="b">England.</subfield>
    <subfield code="2">naf</subfield>
  </datafield>
  <datafield tag="791" ind1="2" ind2=" ">
    <subfield code="a">The Eric and Mary Weinmann Acquisitions Fund,</subfield>
    <subfield code="e">funder.</subfield>
    <subfield code="g">263</subfield>
    <subfield code="5">DFo</subfield>
  </datafield>
  <datafield tag="852" ind1="8" ind2=" ">
    <subfield code="a">US-DFo</subfield>
    <subfield code="h">271924</subfield>
    <subfield code="z">Purchase made possible by The Eric and Mary Weinmann Acquisitions Fund.</subfield>
    <subfield code="z">From dealer's description: "[STONEHOUSE, John.][A triple-sided rotating fob seal bearing the arms of Sir John Stonehouse, Lady Penelope Stonehouse and related crest.] [England, c.1710.] Fob seal, steel (height 4.3cm) the triple-sided rotating matrix mounted within a flat pierced &amp; engraved housing decorated with floral flourishes, flowers &amp; bird heads, incorporating suspension loop, attached to a contemporaneous related fob chain with 3 watch keys (1 articulated) &amp; a second fob seal, steel (height 2.8cm) with engraved black [glass?] matrix, overall in a very good state of preservation. Displaying skilled English craftsmanship of the era of Queen Anne, this triple-sided rotating fob seal bears matrices engraved with the arms of Sir John Stonehouse (1672-1733), his wife Lady Penelope Stonehouse, née Dashwood, and a dog emblem, the Stonehouse family crest. The stylised baroque flourishes of the engraved and pierced housing incorporate foliage, flowers and bird heads. Attached to the same chain is a second smaller fob seal, the matrix depicting a dove bearing an olive branch, and three watch keys, one articulated. Sir John Stonehouse married Penelope Dashwood in 1706 so this fob seal must have been made soon afterwards, perhaps c.1710. Radley Hall in Oxfordshire, now part of Radley College, was built for Stonehouse in the 1720s."</subfield>
    <subfield code="z">Ordered from Samuel Gedge D9306, 2019-05-29, Cat. 28 #104.</subfield>
    <subfield code="7">505043</subfield>
    <subfield code="j">271924</subfield>
  </datafield>
  <datafield tag="909" ind1="C" ind2="O">
    <subfield code="o">oai:catalog.folger.edu:356959</subfield>
    <subfield code="p">GLOBAL_SET</subfield>
  </datafield>
  <datafield tag="980" ind1=" " ind2=" ">
    <subfield code="a">BIB</subfield>
  </datafield>
  <datafield tag="983" ind1=" " ind2=" ">
    <subfield code="a">Vault</subfield>
  </datafield>
</record>
<record>
  <controlfield tag="000">01545crm\a22002175i\4500</controlfield>
  <controlfield tag="001">354355</controlfield>
  <controlfield tag="005">20251009113208.0</controlfield>
  <controlfield tag="008">180522s1680\\\\enk\\\\\\\\\\\\\\\\nzxx\\</controlfield>
  <datafield tag="040" ind1=" " ind2=" ">
    <subfield code="d">UtOrBLW</subfield>
  </datafield>
  <datafield tag="099" ind1=" " ind2=" ">
    <subfield code="a">270647</subfield>
  </datafield>
  <datafield tag="245" ind1="0" ind2="0">
    <subfield code="a">Fob seal matrix bearing the coat of arms of a member of the Scofield family</subfield>
    <subfield code="h">[realia].</subfield>
  </datafield>
  <datafield tag="260" ind1=" " ind2=" ">
    <subfield code="c">1680.</subfield>
  </datafield>
  <datafield tag="300" ind1=" " ind2=" ">
    <subfield code="a">1 object ;</subfield>
    <subfield code="c">length 3 cm diameter of matrix 2 cm</subfield>
  </datafield>
  <datafield tag="336" ind1=" " ind2=" ">
    <subfield code="a">three-dimensional form</subfield>
    <subfield code="b">tdf</subfield>
    <subfield code="2">rdacontent</subfield>
  </datafield>
  <datafield tag="337" ind1=" " ind2=" ">
    <subfield code="a">unmediated</subfield>
    <subfield code="b">n</subfield>
    <subfield code="2">rdamedia</subfield>
  </datafield>
  <datafield tag="500" ind1=" " ind2=" ">
    <subfield code="a">This is a PRELIMINARY RECORD. It may contain incorrect information. Please email catalog@folger.edu for assistance.</subfield>
  </datafield>
  <datafield tag="530" ind1=" " ind2=" ">
    <subfield code="a">Also available as a digital reproduction.</subfield>
  </datafield>
  <datafield tag="583" ind1="0" ind2=" ">
    <subfield code="a">revised</subfield>
    <subfield code="c">2019-01</subfield>
    <subfield code="k">EEW</subfield>
    <subfield code="n">1</subfield>
    <subfield code="o">link</subfield>
    <subfield code="x">Luna</subfield>
    <subfield code="2">local</subfield>
    <subfield code="5">DFo</subfield>
  </datafield>
  <datafield tag="583" ind1="1" ind2=" ">
    <subfield code="a">condition reviewed</subfield>
    <subfield code="c">2019-01-17</subfield>
    <subfield code="z">Metal object: handle with gloves.</subfield>
    <subfield code="k">ECB</subfield>
    <subfield code="2">pda</subfield>
    <subfield code="5">DFo</subfield>
  </datafield>
  <datafield tag="752" ind1=" " ind2=" ">
    <subfield code="a">Great Britain</subfield>
    <subfield code="b">England.</subfield>
    <subfield code="2">naf</subfield>
  </datafield>
  <datafield tag="852" ind1="8" ind2=" ">
    <subfield code="a">US-DFo</subfield>
    <subfield code="b">DeckC-Rare</subfield>
    <subfield code="h">Z.d.37</subfield>
    <subfield code="z">From dealer's description: "This seventeenth century English heraldic fob seal matrix was made for a member of the Schofield family.  At the heraldic visitation of Lancashire made by Sir William Dugdale (1605-1686) in 1664 the Scofield  (or Schofield) family of Scofield were recorded as entitled to bear “Argent a Fess between three Bull’s  Heads couped Gules.” The sealing of letters with wax was a ubiquitous aspect of early modern  correspondence, however relatively few seal matrices of this kind have survived."</subfield>
    <subfield code="z">Ordered from Samuel Gedge, D 9208, 2018-05-21, catalog 26, item 21.</subfield>
    <subfield code="7">502580</subfield>
    <subfield code="j">270647</subfield>
  </datafield>
  <datafield tag="856" ind1="4" ind2="1">
    <subfield code="u">https://digitalcollections.folger.edu/bib354355-502580</subfield>
    <subfield code="z">Digital image(s) of Folger Shakespeare Library Z.d.37</subfield>
  </datafield>
  <datafield tag="909" ind1="C" ind2="O">
    <subfield code="o">oai:catalog.folger.edu:354355</subfield>
    <subfield code="p">GLOBAL_SET</subfield>
  </datafield>
  <datafield tag="980" ind1=" " ind2=" ">
    <subfield code="a">BIB</subfield>
  </datafield>
  <datafield tag="983" ind1=" " ind2=" ">
    <subfield code="a">Online</subfield>
  </datafield>
  <datafield tag="983" ind1=" " ind2=" ">
    <subfield code="a">Vault</subfield>
  </datafield>
</record>
<record>
  <controlfield tag="000">02136crm\a22002175i\4500</controlfield>
  <controlfield tag="001">354354</controlfield>
  <controlfield tag="005">20251009113208.0</controlfield>
  <controlfield tag="008">180522s16uu\\\\enk\\\\\\\\\\\\\\\\nzxx\\</controlfield>
  <datafield tag="040" ind1=" " ind2=" ">
    <subfield code="d">UtOrBLW</subfield>
  </datafield>
  <datafield tag="099" ind1=" " ind2=" ">
    <subfield code="a">270646</subfield>
  </datafield>
  <datafield tag="245" ind1="0" ind2="0">
    <subfield code="a">Desk seal matrix bearing the coat of arms of a member of the Gregory family of Northamptonshire</subfield>
    <subfield code="h">[realia].</subfield>
  </datafield>
  <datafield tag="260" ind1=" " ind2=" ">
    <subfield code="a">England,</subfield>
    <subfield code="c">17th century.</subfield>
  </datafield>
  <datafield tag="300" ind1=" " ind2=" ">
    <subfield code="a">1 object ;</subfield>
    <subfield code="c">length 7 cm with a matrix at both ends (one with full heraldic  achievement, diameter 3cm, one with escutcheon only, diameter 3cm, both in reverse</subfield>
  </datafield>
  <datafield tag="336" ind1=" " ind2=" ">
    <subfield code="a">three-dimensional form</subfield>
    <subfield code="b">tdf</subfield>
    <subfield code="2">rdacontent</subfield>
  </datafield>
  <datafield tag="337" ind1=" " ind2=" ">
    <subfield code="a">unmediated</subfield>
    <subfield code="b">n</subfield>
    <subfield code="2">rdamedia</subfield>
  </datafield>
  <datafield tag="500" ind1=" " ind2=" ">
    <subfield code="a">This is a PRELIMINARY RECORD. It may contain incorrect information. Please email catalog@folger.edu for assistance.</subfield>
  </datafield>
  <datafield tag="530" ind1=" " ind2=" ">
    <subfield code="a">Also available as a digital reproduction.</subfield>
  </datafield>
  <datafield tag="583" ind1="1" ind2=" ">
    <subfield code="a">condition reviewed</subfield>
    <subfield code="c">2019-01-17</subfield>
    <subfield code="z">Metal object: handle with gloves.</subfield>
    <subfield code="k">ECB</subfield>
    <subfield code="2">pda</subfield>
    <subfield code="5">DFo</subfield>
  </datafield>
  <datafield tag="583" ind1="0" ind2=" ">
    <subfield code="a">revised</subfield>
    <subfield code="c">2019-01</subfield>
    <subfield code="k">EEW</subfield>
    <subfield code="n">1</subfield>
    <subfield code="o">link</subfield>
    <subfield code="x">Luna</subfield>
    <subfield code="2">local</subfield>
    <subfield code="5">DFo</subfield>
  </datafield>
  <datafield tag="752" ind1=" " ind2=" ">
    <subfield code="a">Great Britain</subfield>
    <subfield code="b">England.</subfield>
    <subfield code="2">naf</subfield>
  </datafield>
  <datafield tag="852" ind1="8" ind2=" ">
    <subfield code="a">US-DFo</subfield>
    <subfield code="b">DeckC-Rare</subfield>
    <subfield code="h">Z.d.36</subfield>
    <subfield code="z">From dealer's description: "Desk seal matrix, brass (length 6.3cm) with a matrix at both ends (one with full heraldic  achievement, diameter 2.6cm, one with escutcheon only, diameter 2.3cm, both in reverse), light wear to extremities, in  a very good state of preservation.  This seventeenth century English heraldic brass desk seal matrix was made for a member of the Gregory  family of Northamptonshire, perhaps a lawyer named Richard Gregory of Harleston in  Northamptonshire. The coat of arms can in any case be idenfitifed as belonging to a descendant of the  marriage in the fourteenth century of William Gregory who married Alice daughter and heir of Robert  de Cawley of Warwickshire, (see: Camden, William, The visitation of the county of Leicester in the year  1619, London, 1870, pp.187-188). The sealing of letters with wax was a ubiquitous aspect of early  modern correspondence, however relatively few seal matrices of this kind have survived."</subfield>
    <subfield code="z">Ordered from Samuel Gedge, D 9208, 2018-05-21, catalog 26, item 20.</subfield>
    <subfield code="7">502579</subfield>
    <subfield code="j">270646</subfield>
  </datafield>
  <datafield tag="856" ind1="4" ind2="1">
    <subfield code="u">https://digitalcollections.folger.edu/bib354354-502579</subfield>
    <subfield code="z">Digital image(s) of Folger Shakespeare Library Z.d.36</subfield>
  </datafield>
  <datafield tag="909" ind1="C" ind2="O">
    <subfield code="o">oai:catalog.folger.edu:354354</subfield>
    <subfield code="p">GLOBAL_SET</subfield>
  </datafield>
  <datafield tag="980" ind1=" " ind2=" ">
    <subfield code="a">BIB</subfield>
  </datafield>
  <datafield tag="983" ind1=" " ind2=" ">
    <subfield code="a">Online</subfield>
  </datafield>
  <datafield tag="983" ind1=" " ind2=" ">
    <subfield code="a">Vault</subfield>
  </datafield>
</record>
<record>
  <controlfield tag="000">02030crm\a22002175i\4500</controlfield>
  <controlfield tag="001">1134117</controlfield>
  <controlfield tag="005">20260408154938.0</controlfield>
  <controlfield tag="008">230721s1580\\\\enk\\\\\\\\\\\\\\\\\zxx\\</controlfield>
  <datafield tag="245" ind1="0" ind2="0">
    <subfield code="a">[Signet ring with matrix of a merchant’s mark]</subfield>
    <subfield code="h">[realia]</subfield>
  </datafield>
  <datafield tag="260" ind1=" " ind2=" ">
    <subfield code="a">England,</subfield>
    <subfield code="c">ca. 1580.</subfield>
  </datafield>
  <datafield tag="300" ind1=" " ind2=" ">
    <subfield code="a">1 item ;</subfield>
  </datafield>
  <datafield tag="336" ind1=" " ind2=" ">
    <subfield code="a">three-dimensional form</subfield>
    <subfield code="b">tdf</subfield>
    <subfield code="2">rdacontent</subfield>
  </datafield>
  <datafield tag="337" ind1=" " ind2=" ">
    <subfield code="a">unmediated</subfield>
    <subfield code="b">n</subfield>
    <subfield code="2">rdamedia</subfield>
  </datafield>
  <datafield tag="500" ind1=" " ind2=" ">
    <subfield code="a">This is a PRELIMINARY RECORD. It may contain incorrect information. Please email catalog@folger.edu for assistance.</subfield>
    <subfield code="5">DFo</subfield>
  </datafield>
  <datafield tag="583" ind1="0" ind2=" ">
    <subfield code="a">dispersed</subfield>
    <subfield code="c">2024-10-30</subfield>
    <subfield code="k">DJL</subfield>
    <subfield code="2">local</subfield>
    <subfield code="5">DFo</subfield>
  </datafield>
  <datafield tag="655" ind1=" " ind2="7">
    <subfield code="a">Image-making equipment.</subfield>
    <subfield code="2">aat</subfield>
  </datafield>
  <datafield tag="655" ind1=" " ind2="7">
    <subfield code="a">Signet rings.</subfield>
    <subfield code="2">aat</subfield>
  </datafield>
  <datafield tag="752" ind1=" " ind2=" ">
    <subfield code="a">Great Britain</subfield>
    <subfield code="b">England,</subfield>
    <subfield code="e">publication place.</subfield>
    <subfield code="2">naf</subfield>
  </datafield>
  <datafield tag="791" ind1="2" ind2=" ">
    <subfield code="a">The B. F Saul Rare Book Acquisitions Fund,</subfield>
    <subfield code="e">funder.</subfield>
    <subfield code="g">SaulREF757047</subfield>
    <subfield code="5">DFo</subfield>
  </datafield>
  <datafield tag="852" ind1=" " ind2=" ">
    <subfield code="a">US-DFo</subfield>
    <subfield code="h">272819</subfield>
    <subfield code="n">8 x 5 x 3 cm</subfield>
    <subfield code="z">From dealer's description: "TUDOR SIGNET RING WITH MERCHANT’S MARK MATRIX 7. [SEAL MATRIX.] [Signet ring with matrix of a merchant’s mark.] [England, c.1580.] Signet ring, copper alloy (diameter of ring approx. 2.7cm, size X, oval bezel, diameter 1.5 x 1cm) some old pitting &amp; corrosion, sometime lacquered for preservation. A scarce survival, this Tudor ring can be dated to the reign of queen Elizabeth I (1533-1603), most probably c. 1580. European merchants of the fifteenth and sixteenth centuries marked their goods with these symbols, known as merchants’ marks, also penning them on bills of lading, and incorporating them into matrices used to seal their letters and documents in wax, as here. The sealing of documents underpinned the authentication of both letter writing and legal transactions in early modern manuscript culture, making seal matrices significant objects, connected intimately with the identity of owners. For examples of comparable designs on wax seals on Elizabethan mercantile correspondence, see: P. Beale, A. Almond &amp; M. Scott Archer, The Corsini Letters, Stroud, 2011, plates 11-14."</subfield>
    <subfield code="z">Ordered from Samuel Gedge, D9666, 223-07-07, Catalogue XXXIV, item #7</subfield>
    <subfield code="7">1000134</subfield>
    <subfield code="j">272819</subfield>
    <subfield code="z">Purchase made possible by The B. F. Saul Rare Book Acquisitions Fund.</subfield>
  </datafield>
  <datafield tag="909" ind1="C" ind2="O">
    <subfield code="o">oai:catalog.folger.edu:1134117</subfield>
    <subfield code="p">GLOBAL_SET</subfield>
  </datafield>
  <datafield tag="980" ind1=" " ind2=" ">
    <subfield code="a">BIB</subfield>
  </datafield>
  <datafield tag="980" ind1=" " ind2=" ">
    <subfield code="a">ORDER</subfield>
  </datafield>
  <datafield tag="983" ind1=" " ind2=" ">
    <subfield code="a">Vault</subfield>
  </datafield>
</record>
<record>
  <controlfield tag="000">05139crm\a2200289\i\4500</controlfield>
  <controlfield tag="001">128547</controlfield>
  <controlfield tag="005">20251009083222.0</controlfield>
  <controlfield tag="008">030730s1769\\\\xx\000\\\\\\\\\\\\rn\\\\u</controlfield>
  <datafield tag="035" ind1=" " ind2=" ">
    <subfield code="a">(DCFGES)01301053</subfield>
  </datafield>
  <datafield tag="035" ind1=" " ind2=" ">
    <subfield code="a">128547</subfield>
  </datafield>
  <datafield tag="040" ind1=" " ind2=" ">
    <subfield code="a">DFo</subfield>
    <subfield code="c">DFo</subfield>
    <subfield code="d">UtOrBLW</subfield>
  </datafield>
  <datafield tag="099" ind1=" " ind2=" ">
    <subfield code="a">Wood no. 18</subfield>
    <subfield code="f">ART Inv. 1119; cs364</subfield>
  </datafield>
  <datafield tag="245" ind1="0" ind2="0">
    <subfield code="a">[Ink stand containing a glass ink bottle and a pounce box, each having a silver top with a portrait of Shakespeare]</subfield>
    <subfield code="h">[realia].</subfield>
  </datafield>
  <datafield tag="260" ind1=" " ind2=" ">
    <subfield code="a">[England] :</subfield>
    <subfield code="b">[s.n.],</subfield>
    <subfield code="c">[1769]</subfield>
  </datafield>
  <datafield tag="300" ind1=" " ind2=" ">
    <subfield code="a">1 inkstand :</subfield>
    <subfield code="b">mulberry tree wood ;</subfield>
    <subfield code="c">13 in. high x 8 1/8 in. wide x 4 7/8 in. deep.</subfield>
  </datafield>
  <datafield tag="336" ind1=" " ind2=" ">
    <subfield code="a">three-dimensional form</subfield>
    <subfield code="b">tdf</subfield>
    <subfield code="2">rdacontent</subfield>
  </datafield>
  <datafield tag="337" ind1=" " ind2=" ">
    <subfield code="a">unmediated</subfield>
    <subfield code="b">n</subfield>
    <subfield code="2">rdamedia</subfield>
  </datafield>
  <datafield tag="340" ind1=" " ind2=" ">
    <subfield code="a">wood</subfield>
    <subfield code="2">rdamat</subfield>
  </datafield>
  <datafield tag="500" ind1=" " ind2=" ">
    <subfield code="a">Certification: from documents purchased with the ink stand, now cataloged as Y.c.1465 (1-3). There are 2 letters. The first concerns the presentation of the ink stand to George Keate by the Corporation of Stratford-upon-Avon, signed by William Hunt, Town Clerk, May 3, 1769, which reads in part, "Sir. Mr. Wheler [Robert Bell Wheler] has intimated to us, that you have several times taken the trouble of attending your friend Mr. Garrick in our favour; and that you have shown much attention and regard to the place which has the honour of giving birth to the admired Shakespear [sic]. As you so much revere his memory, we beg your acceptance of a writing stand from a mulberry tree planted by Shakespeare's own hand..."  The second letter is George Keate's reply acknowledging receipt of the ink stand from Mr. Wheler with the accompanying letter. The third item is a note on the back of a calling card for Sir Charles Marshall (name crossed out with a pen) which is inscribed, "This inkstand was given to Mr. White by Mrs. Keate (by will) the widow of the gentleman to whom it was presented in May 1769 by the Corporation of Stratford-on-Avon---Acton Hill, 1836. Entry in the Dictionary of National Biography under George Keate mentions the ink stand in connection with a specific work by Keate which reads: "Ferney; an epistle to Voltaire, 1768. In praise of Voltaire and his works, but with compliments to Shakespeare, for which the author was rewarded, in the jubilee 1769, by the mayor and corporation of Stratford-upon-Avon, with an inkstand made out of a mulberry-tree planted by Shakespeare, and with the freedom on the town."</subfield>
  </datafield>
  <datafield tag="520" ind1=" " ind2=" ">
    <subfield code="a">Footed ink stand carved with a projecting rim at the base 1/8" wide and 1/4 high, to which the feet have been attached. They are flush joined at the corners and arched into the rim in profile. The stepped lid has a lower interlacement band and above, an egg and dart pattern. A groove has been carved on the box under the lid, and each of the 4 corners has been beveled and decorated with a single vertical band of molding. The front has a silver button which operates a catch and is backed by a silver escutcheon fastened with 3 silver round-head screws. The lid has a loop handle in silver. The interior is lined with red velvet which has been decorated with silver braid and fitted with partitions which hold a pounce box and an ink bottle. Each has a chased silver lid with a profile portrait of Shakespeare encircled by a wreath.</subfield>
  </datafield>
  <datafield tag="561" ind1=" " ind2=" ">
    <subfield code="a">Provenance: Card in Mrs. Folger's card file under Mulberry reads: Bought of Sotheby, Wilkinson &amp; Hodge, Dec. 6- 1905. Former owner not known. Catalog, Film Acc. 484 (234), is annotated with the buyer's name, Pearson and the hammer price L115/-/-, for the ink stand and manuscripts. HCF bought of J. Pearson &amp; co., Dec. 12 1905 for L115/-/-. The ink stand was recorded 2 years earlier in another sale by Sotheby, Wilkinson &amp; Hodge, Dec. 6, 1903, lot no. 6. In the Sotheby catalog, Film Acc. 484 (228), the buyer is listed as Aston and the hammer price as L120/-/-. Former owner not known.</subfield>
  </datafield>
  <datafield tag="583" ind1=" " ind2=" ">
    <subfield code="a">Condition reviewed</subfield>
    <subfield code="c">19890500</subfield>
    <subfield code="l">the lid, originally attached with 2 silver hinges, has a replacement hinge in brass (left side, facing front) which is larger than the silver hinge causing the box to appear warped on the left side. The original hinge has 1 of the 4 screws missing. A crack on the right side of the lid measures 1 7/8", on the left side a horizontal crack measures 2 1/4", and on the back, lower right, a triangular crack extends 3/4". The bottom of the box is framed with a rim which as 2 diagonal cracks which measure 3/4" on the front and 1 3/8" on the right side. The bottom of the box has a crack on the left side 1", on the right side 2", and toward the back 1". There are losses in this area</subfield>
  </datafield>
  <datafield tag="600" ind1="1" ind2="0">
    <subfield code="a">Shakespeare, William,</subfield>
    <subfield code="d">1564-1616</subfield>
    <subfield code="v">Portraits.</subfield>
    <subfield code="0">sh 85121023 </subfield>
  </datafield>
  <datafield tag="655" ind1=" " ind2="7">
    <subfield code="a">Portraits.</subfield>
    <subfield code="0">tgm008085g</subfield>
    <subfield code="2">gmgpc</subfield>
  </datafield>
  <datafield tag="852" ind1="8" ind2=" ">
    <subfield code="a">US-DFo</subfield>
    <subfield code="b">DeckB-Art</subfield>
    <subfield code="h">Wood no. 18</subfield>
    <subfield code="x">cs364</subfield>
    <subfield code="7">120334</subfield>
    <subfield code="z">This record contains unverified data from a re-keying contract and may contain incorrect or incomplete text. Please consult Curator for assistance.</subfield>
  </datafield>
  <datafield tag="909" ind1="C" ind2="O">
    <subfield code="o">oai:catalog.folger.edu:128547</subfield>
    <subfield code="p">GLOBAL_SET</subfield>
  </datafield>
  <datafield tag="950" ind1=" " ind2=" ">
    <subfield code="l">DeckB-Art</subfield>
    <subfield code="a">Wood no. 18</subfield>
    <subfield code="q">cs364</subfield>
  </datafield>
  <datafield tag="980" ind1=" " ind2=" ">
    <subfield code="a">BIB</subfield>
  </datafield>
  <datafield tag="983" ind1=" " ind2=" ">
    <subfield code="a">Vault</subfield>
  </datafield>
</record>
<record>
  <controlfield tag="000">01756crc\a22002175i\4500</controlfield>
  <controlfield tag="001">1134282</controlfield>
  <controlfield tag="005">20260408152338.0</controlfield>
  <controlfield tag="008">231108q16251649enknnn\\\\\\\\\\\\r\zxx\\</controlfield>
  <datafield tag="245" ind1="0" ind2="0">
    <subfield code="a">Charles I boarded oak desk box</subfield>
    <subfield code="h">[realia].</subfield>
  </datafield>
  <datafield tag="260" ind1=" " ind2=" ">
    <subfield code="a">England,</subfield>
    <subfield code="c">17th century</subfield>
  </datafield>
  <datafield tag="300" ind1=" " ind2=" ">
    <subfield code="a">1 item ;</subfield>
    <subfield code="c">32" wide, 14 1/2" high and 19 1/2" deep</subfield>
  </datafield>
  <datafield tag="336" ind1=" " ind2=" ">
    <subfield code="a">three-dimensional form</subfield>
    <subfield code="b">tdf</subfield>
    <subfield code="2">rdacontent</subfield>
  </datafield>
  <datafield tag="337" ind1=" " ind2=" ">
    <subfield code="a">unmediated</subfield>
    <subfield code="b">n</subfield>
    <subfield code="2">rdamedia</subfield>
  </datafield>
  <datafield tag="500" ind1=" " ind2=" ">
    <subfield code="a">This is a PRELIMINARY RECORD. It may contain incorrect information. The "FAST ACC" number is a temporary call number. Please email catalog@folger.edu for assistance.</subfield>
    <subfield code="5">DFo</subfield>
  </datafield>
  <datafield tag="791" ind1="2" ind2=" ">
    <subfield code="a">The Richard J. Kuhta Fund for Library Acquisitions,</subfield>
    <subfield code="e">funder.</subfield>
    <subfield code="g">KuhtaREF757005</subfield>
    <subfield code="5">DFo</subfield>
  </datafield>
  <datafield tag="852" ind1=" " ind2=" ">
    <subfield code="a">US-DFo</subfield>
    <subfield code="h">FAST ACC 272879</subfield>
    <subfield code="j">272879</subfield>
    <subfield code="z">From dealer's description: "Charles I boarded oak desk box, Exeter work, Devon, with a carved shell motif front rail, sides and back plain, with a sloping lid used as a desk, the interior with shelves."</subfield>
    <subfield code="z">Ordered from Paul Fitzsimmons, D9691, 2023-10-25, email quote</subfield>
    <subfield code="7">1000173</subfield>
    <subfield code="x">From dealer's description: Condition is very good and it is a most beautiful piece and the colour is fantastic. Priced at £2850, this can be £2000 for the museum. Dimensions: 32" wide, 14 1/2" high and 19 1/2" deep Provenance: From my own personal collection, I purchased this over 30 years ago from Bradfield Manor near to Exeter. (Paul Fitzsimmons) [HW: it shut down as a school in 1997 after belonging to the Walrond family from 13th c to 1966] Mark: I think this is most appealing ‐ wonderful colour, very nice design and condition inside and out. It doesn't have the quill box but it does have the strip at the base of the slope which looks original. It is a bit later but I think it would look the best on display (open or closed."</subfield>
  </datafield>
  <datafield tag="909" ind1="C" ind2="O">
    <subfield code="o">oai:catalog.folger.edu:1134282</subfield>
    <subfield code="p">GLOBAL_SET</subfield>
    <subfield code="z">Purchase made possible by The Richard J. Kuhta Fund for Library Acquisitions.</subfield>
  </datafield>
  <datafield tag="980" ind1=" " ind2=" ">
    <subfield code="a">BIB</subfield>
  </datafield>
  <datafield tag="980" ind1=" " ind2=" ">
    <subfield code="a">ORDER</subfield>
  </datafield>
  <datafield tag="983" ind1=" " ind2=" ">
    <subfield code="a">Vault</subfield>
  </datafield>
</record>
<record>
  <controlfield tag="000">01728crm\a22002175i\4500</controlfield>
  <controlfield tag="001">1134121</controlfield>
  <controlfield tag="005">20260408154900.0</controlfield>
  <controlfield tag="008">230721s1770\\\\enk\\\\\\\\\\\\\\\\\zxx\\</controlfield>
  <datafield tag="245" ind1="0" ind2="0">
    <subfield code="a">[Pencase incorporating inkwell and quill holder]</subfield>
    <subfield code="h">[realia]</subfield>
  </datafield>
  <datafield tag="260" ind1=" " ind2=" ">
    <subfield code="a">England,</subfield>
    <subfield code="c">ca. 1770.</subfield>
  </datafield>
  <datafield tag="300" ind1=" " ind2=" ">
    <subfield code="a">1 item ;</subfield>
    <subfield code="c">16.75 cm</subfield>
  </datafield>
  <datafield tag="336" ind1=" " ind2=" ">
    <subfield code="a">three-dimensional form</subfield>
    <subfield code="b">tdf</subfield>
    <subfield code="2">rdacontent</subfield>
  </datafield>
  <datafield tag="337" ind1=" " ind2=" ">
    <subfield code="a">unmediated</subfield>
    <subfield code="b">n</subfield>
    <subfield code="2">rdamedia</subfield>
  </datafield>
  <datafield tag="500" ind1=" " ind2=" ">
    <subfield code="a">This is a PRELIMINARY RECORD. It may contain incorrect information. Please email catalog@folger.edu for assistance.</subfield>
    <subfield code="5">DFo</subfield>
  </datafield>
  <datafield tag="583" ind1="0" ind2=" ">
    <subfield code="a">dispersed</subfield>
    <subfield code="c">2024-10-30</subfield>
    <subfield code="k">DJL</subfield>
    <subfield code="2">local</subfield>
    <subfield code="5">DFo</subfield>
  </datafield>
  <datafield tag="655" ind1=" " ind2="7">
    <subfield code="a">Writing equipment.</subfield>
    <subfield code="2">aat</subfield>
  </datafield>
  <datafield tag="655" ind1=" " ind2="7">
    <subfield code="a">Pen cases.</subfield>
    <subfield code="2">aat</subfield>
  </datafield>
  <datafield tag="752" ind1=" " ind2=" ">
    <subfield code="a">Great Britain</subfield>
    <subfield code="b">England,</subfield>
    <subfield code="e">publication place.</subfield>
    <subfield code="2">naf</subfield>
  </datafield>
  <datafield tag="791" ind1="2" ind2=" ">
    <subfield code="a">The B. F. Saul Rare Book Acquisitions Fund,</subfield>
    <subfield code="e">funder.</subfield>
    <subfield code="g">SaulREF757047</subfield>
    <subfield code="5">DFo</subfield>
  </datafield>
  <datafield tag="852" ind1=" " ind2=" ">
    <subfield code="a">US-DFo</subfield>
    <subfield code="h">272823</subfield>
    <subfield code="j">272823</subfield>
    <subfield code="n">39 x 24 cm</subfield>
    <subfield code="z">From dealer's description: "22. [PENMANSHIP.] [A Georgian penner, in three parts, incorporating inkwell and quill holder.] [England, c.1770.] Penner (length 16.75cm, width at maximum 3.2cm) in three parts, the base housing a glass inkwell, the handle opening to house quills, the whole in blind-stamped leather over card, light wear to extremities, very good. This Georgian penner can be dated to c.1770. Intended for use while travelling, the leather casing slides apart into three sections, housing a glass inkwell in the base and a quill holder in the handle. The blind-stamped leather exterior is decorated simply with ruled hatching and a floral sprig design. Penners of various designs were produced during the early modern era in horn, leather and metal, including examples in silver. A rare survival."</subfield>
    <subfield code="z">Ordered from Samuel Gedge, D9666, 223-07-07, Catalogue XXXIV, item #22</subfield>
    <subfield code="7">1000138</subfield>
    <subfield code="z">Purchase made possible by The B. F.Saul Rare Book Acquisitions Fund.</subfield>
  </datafield>
  <datafield tag="909" ind1="C" ind2="O">
    <subfield code="o">oai:catalog.folger.edu:1134121</subfield>
    <subfield code="p">GLOBAL_SET</subfield>
  </datafield>
  <datafield tag="980" ind1=" " ind2=" ">
    <subfield code="a">BIB</subfield>
  </datafield>
  <datafield tag="980" ind1=" " ind2=" ">
    <subfield code="a">ORDER</subfield>
  </datafield>
  <datafield tag="983" ind1=" " ind2=" ">
    <subfield code="a">Vault</subfield>
  </datafield>
</record>

</collection>